Local authority budget guide

Na minha lista:
Detalhes bibliográficos
Autor principal: Cook Paul
Outros Autores: Papaiacovou Carol ( author), Paul Palmer ( author)
Formato: Livro
Publicado em: Harlow : Longman, c1992.
Assuntos:
Tags: Adicionar Tag
Sem tags, seja o primeiro a adicionar uma tag!

MARC

LEADER 00000nam a2200000 4500
020 |a 9780582210875  |c TZS 15,000/= 
040 |a MUL  |b eng.  |e AACR 
082 |a 352.12 COO 
100 |a Cook Paul 
245 |a Local authority budget guide  |c / Paul Cook, Carol Papaiacovou, Paul Palmer 
260 |a Harlow :  |b Longman,  |c c1992. 
300 |a  vi, 64 p. :  |b ill. ;  |c 30 cm. 
546 |a eng. 
650 |a Budgeting  
700 |a Papaiacovou Carol   |b ( author) 
700 |a  Paul Palmer  |b ( author) 
942 |c BK 
999 |c 2349  |d 2349